| 000 | 00430nam a2200145 i 4500 | ||
|---|---|---|---|
| 001 | 39548 | ||
| 003 | ES-MaACL | ||
| 007 | t| | ||
| 008 | 030303s1930 sp ||||1| spa d | ||
| 100 | 1 |
_aCanalejas Fustegueras, Leonor. _934384 |
|
| 245 | 1 | 0 |
_aIgnacio _b: historia novelada / _cLeonardo Canalejas y Fustegueras. |
| 260 |
_aBarcelona : _b[s.n., _c1930] ( _fTip. Emporium) |
||
| 300 |
_a214 p. ; _c19 cm. |
||
| 852 |
_aES-MaACL _jB-4112 |
||
| 999 |
_c39548 _d39548 |
||